Statistiken für Länder, die Tunisien am Nächsten Liegen

Klicken Sie hier um das Quiz zu spielen!

Allgemein

  • Dieses Quiz wurde 121 mal gespielt
  • Das Durchschnittsergebnis liegt bei 17 aus 20

Antwortstatistiken

KmLand% Korrekt
0Algerien
100%
0Libyen
99%
71Italien
98%
498Spanien
97%
450Frankreich
94%
288Malta
94%
807Marokko
94%
787Griechenland
90%
554Vatikanstadt
89%
702San Marino
85%
805Albanien
84%
921Schweiz
81%
871Kroatien
78%
700Monaco
77%
856Andorra
72%
870Bosnien und
Herzegowina
72%
874Montenegro
72%
786Niger
70%
957Slowenien
63%
937Mazedonien
60%

Verteilung der Resultate

Perzentil nach korrekt beantworteten Fragen

Anzahl Personen mit jedem Resultat

Ihre Resultats-Entwicklung

Sie haben dieses Quiz noch nicht gespielt